Central Library OPAC University of Rajshahi

Clinical versus statistical prediction : (Record no. 30229)

MARC details
000 -LEADER
fixed length control field 00769cam a22002411 4500
001 - CONTROL NUMBER
control field 30229
003 - CONTROL NUMBER IDENTIFIER
rucl marc code BD-RjUL
005 - DATE AND TIME OF LATEST TRANSACTION
control field 20211209051531.0
008 - FIXED-LENGTH DATA ELEMENTS--GENERAL INFORMATION
fixed length control field 140409s1954 mnu b 000 0 eng
035 ## - SYSTEM CONTROL NUMBER
System control number (BD-RjUL)30314
040 ## - CATALOGING SOURCE
Original cataloging agency DLC
Transcribing agency DLC
Modifying agency DLC
-- BD-RjUL
Language of cataloging eng
041 ## - LANGUAGE CODE
Language code of text/sound track or separate title eng
082 00 - DEWEY DECIMAL CLASSIFICATION NUMBER
Classification number 616.8
Author mark and year MEC 1956
100 1# - MAIN ENTRY--PERSONAL NAME
Personal name Meehl, Paul E.
Fuller form of name (Paul Everett),
Dates associated with a name 1920-2003.
9 (RLIN) 88716
245 10 - TITLE STATEMENT
Title Clinical versus statistical prediction :
Remainder of title a theoretical analysis and a review of the evidence /
Statement of responsibility, etc. Paul E. Meehl.
260 ## - PUBLICATION, DISTRIBUTION, ETC. (IMPRINT)
Place of publication, distribution, etc. Minneapolis :
Name of publisher, distributor, etc. University of Minnesota Press,
Date of publication, distribution, etc. c1956.
300 ## - PHYSICAL DESCRIPTION
Pagination 149 p. ;
Size 23 cm.
650 #0 - SUBJECT ADDED ENTRY--TOPICAL TERM
Topical term or geographic name as entry element Psychodiagnostics.
9 (RLIN) 88692
Topical term or geographic name as entry element Prediction (Psychology)
9 (RLIN) 21900
942 ## - ADDED ENTRY ELEMENTS (KOHA)
Source of classification or shelving scheme Dewey Decimal Classification
Koha item type Books
Holdings
Lost status Source of classification or shelving scheme Damaged status Not for loan Permanent Location Current Location Shelving location Date acquired Source of acquisition Cost, normal purchase price Total Checkouts Full call number Date last seen Copy number Koha item type
  Dewey Decimal Classification   Not For Loan Central Library, University of Rajshahi Central Library, University of Rajshahi Reading Room 05/05/1958 Mahammad Books 18.00   616.8 MEC 1956 09/04/2014 C-1 Books